000 00281nam a22001217a 4500
008 180226b xxu||||| |||| 00| 0 eng d
041 _aeng
080 _a37
100 _a25
101 _aEDU
245 _aSkillstreaming the elementary school child
_cGinnis,E.M
942 _2udc
_cBK
999 _c43489
_d43489